[Event "Junior Online 4NCL Division 5"]
[Site "online"]
[Date "2021.02.04"]
[Round "2.53"]
[White "Harris, Callum"]
[Black "Pang, Isobel"]
[Result "1/2-1/2"]
[WhiteElo "1383"]
[BlackElo "1420"]
[PlyCount "81"]
[EventDate "2021.02.04"]
[WhiteTeam "Wolfpack Juniors"]
[BlackTeam "Chess Challengers E"]

1. e4 b6 2. Nc3 Bb7 3. d3 Nf6 4. Be3 e6 5. Be2 d5 6. e5 Ne4 7. dxe4 Nd7 8. exd5
exd5 9. Nxd5 Nxe5 10. Nf3 Bxd5 11. Nxe5 Bxg2 12. Qxd8+ Rxd8 13. Rg1 Be4 14.
Bb5+ c6 15. Nxc6 Rd5 16. Nxa7+ Ke7 17. Bxb6 Ke6 18. Bc4 Bd6 19. Bxd5+ Bxd5 20.
Nb5 Bxh2 21. Rxg7 Rb8 22. Nc7+ Ke5 23. Nxd5 Kxd5 24. Rg5+ Kc6 25. Bd4 Re8+ 26.
Kd2 Bf4+ 27. Be3 Rd8+ 28. Ke2 Bxg5 29. Bxg5 Re8+ 30. Be3 h5 31. Rh1 Rh8 32. Rh4
f5 33. Kf3 Kd6 34. Kf4 Ke6 35. Kg5 Ke5 36. Rxh5 Rg8+ 37. Kh4 Rg4+ 38. Kh3 Ke4
39. Rg5 Kf3 40. Rxf5+ Ke4 41. Kxg4 1/2-1/2

[Event "Junior Online 4NCL Division 5"]
[Site "online"]
[Date "2021.02.04"]
[Round "2.54"]
[White "Devalia, Aadishesh"]
[Black "Mahadevan, Rohit"]
[Result "0-1"]
[WhiteElo "1452"]
[BlackElo "1158"]
[PlyCount "54"]
[EventDate "2021.02.04"]
[WhiteTeam "Chess Challengers E"]
[BlackTeam "Wolfpack Juniors"]

1. e4 e5 2. Nf3 Nc6 3. Nc3 Nf6 4. d3 d5 5. exd5 Nxd5 6. Nxd5 Qxd5 7. c4 Bb4+ 8.
Ke2 Nd4+ 9. Nxd4 Qxd4 10. Qa4+ Qd7 11. Qxb4 b6 12. f3 f6 13. Kf2 Bb7 14. Be2 c5
15. Qb5 Bc6 16. Qb3 O-O 17. Be3 f5 18. Bg5 Qd4+ 19. Be3 Qd6 20. Bd2 e4 21. fxe4
fxe4+ 22. Ke1 e3 23. Bc3 Bxg2 24. Rg1 Qxh2 25. Rxg2 Qh1+ 26. Rg1 Qxg1+ 27. Bf1
Qxf1# 0-1

[Event "Junior Online 4NCL Division 5"]
[Site "online"]
[Date "2021.02.04"]
[Round "2.55"]
[White "Mohanraj, Vibu Karthik"]
[Black "Reeves, Hollyann"]
[Result "0-1"]
[WhiteElo "1420"]
[BlackElo "1581"]
[PlyCount "68"]
[EventDate "2021.02.04"]
[WhiteTeam "Chess Challengers E"]
[BlackTeam "Wolfpack Juniors"]

1. e4 e5 2. Nf3 Nc6 3. Bc4 Bc5 4. Qe2 Nd4 5. Nxd4 exd4 6. O-O Nf6 7. d3 O-O 8.
Bg5 h6 9. Bh4 g5 10. Bg3 Re8 11. f4 d5 12. fxg5 hxg5 13. Bb5 c6 14. Ba4 dxe4
15. dxe4 d3+ 16. Qf2 Bxf2+ 17. Rxf2 d2 18. Rxd2 Qb6+ 19. Bf2 Qa5 20. Rd4 Rxe4
21. b4 Qxa4 22. Rd8+ Re8 23. Rd4 Ne4 24. Be3 Qxc2 25. Na3 Qc3 26. Rdd1 Qxe3+
27. Kf1 Nd2+ 28. Rxd2 Qxd2 29. Nc4 Qe2+ 30. Kg1 Qxc4 31. g3 Qd4+ 32. Kf1 Qxa1+
33. Kg2 Qxa2+ 34. Kh1 Re1# 0-1

[Event "Junior Online 4NCL Division 5"]
[Site "online"]
[Date "2021.02.04"]
[Round "2.56"]
[White "Marsden, Rupert"]
[Black "Tolani, Kabir"]
[Result "1-0"]
[WhiteElo "1465"]
[BlackElo "1455"]
[PlyCount "99"]
[EventDate "2021.02.04"]
[WhiteTeam "Wolfpack Juniors"]
[BlackTeam "Chess Challengers E"]

1. d4 d5 2. Bf4 Nf6 3. e3 Bf5 4. Nf3 Nc6 5. a3 e6 6. Nc3 a6 7. Bd3 Bg6 8. Qe2
Bh5 9. h3 h6 10. g4 g5 11. gxh5 gxf4 12. exf4 Nxh5 13. f5 Nf4 14. Qe3 Ng2+ 15.
Ke2 Nxe3 16. fxe3 exf5 17. Bxf5 Ne7 18. Bd3 Rg8 19. Rh2 Ng6 20. Rg1 Bd6 21.
Rhg2 Qe7 22. Nxd5 Nf4+ 23. Nxf4 Rxg2+ 24. Nxg2 O-O-O 25. c4 c5 26. dxc5 Bxc5
27. b4 Ba7 28. c5 Qd7 29. Nd4 Re8 30. Bf5 Re6 31. Nf4 Kd8 32. Nfxe6+ fxe6 33.
Nxe6+ Ke7 34. Rg7+ Ke8 35. Rxd7 Kxd7 36. Nd4+ Ke7 37. Kf3 Kf6 38. Kg4 b6 39.
Nc6 bxc5 40. Nxa7 cxb4 41. axb4 h5+ 42. Kf4 h4 43. e4 a5 44. bxa5 Ke7 45. Nb5
Kf6 46. a6 Ke7 47. a7 Kf7 48. a8=Q Ke7 49. Qb7+ Kd8 50. Qd7# 1-0

[Event "Junior Online 4NCL Division 5"]
[Site "online"]
[Date "2021.02.04"]
[Round "2.57"]
[White "Pang, Isobel"]
[Black "Harris, Callum"]
[Result "0-1"]
[WhiteElo "1420"]
[BlackElo "1383"]
[PlyCount "72"]
[EventDate "2021.02.04"]
[WhiteTeam "Chess Challengers E"]
[BlackTeam "Wolfpack Juniors"]

1. e4 e5 2. Nf3 Nc6 3. d4 exd4 4. Nxd4 Nxd4 5. Qxd4 c5 6. Qd1 d6 7. Bc4 g6 8.
Qf3 Qf6 9. Qe2 Bg7 10. O-O Ne7 11. Nc3 a6 12. Be3 O-O 13. f4 b5 14. e5 dxe5 15.
fxe5 Qxe5 16. Bd3 c4 17. Be4 Rb8 18. Qf3 Be6 19. Rf2 Rbd8 20. Qe2 b4 21. Rf4
bxc3 22. bxc3 Qxc3 23. Raf1 Nf5 24. Bc5 Rfe8 25. Qg4 Ne3 26. Qf3 Nxf1 27. Qxf1
Bd4+ 28. Kh1 Bxc5 29. h4 Rd4 30. Qe2 Rd2 31. Qe1 Rxc2 32. h5 Qxe1+ 33. Kh2 Bd6
34. Bxc2 Bxf4+ 35. g3 Qxg3+ 36. Kh1 Qh2# 0-1

[Event "Junior Online 4NCL Division 5"]
[Site "online"]
[Date "2021.02.04"]
[Round "2.58"]
[White "Mahadevan, Rohit"]
[Black "Devalia, Aadishesh"]
[Result "1-0"]
[WhiteElo "1158"]
[BlackElo "1452"]
[PlyCount "59"]
[EventDate "2021.02.04"]
[WhiteTeam "Wolfpack Juniors"]
[BlackTeam "Chess Challengers E"]

1. e4 e5 2. Nf3 Nc6 3. Bb5 Bc5 4. Bxc6 dxc6 5. O-O Bd6 6. d4 exd4 7. Qxd4 Nf6
8. e5 c5 9. Qh4 Be7 10. exf6 Bxf6 11. Bg5 Bxg5 12. Nxg5 h6 13. Re1+ Be6 14.
Qa4+ c6 15. Nxe6 fxe6 16. Rxe6+ Kf7 17. Re1 Re8 18. Nc3 Rxe1+ 19. Rxe1 Qd7 20.
Qb3+ Kf8 21. Re3 Re8 22. Rf3+ Ke7 23. Rf7+ Kd8 24. Rxd7+ Kxd7 25. Qxb7+ Kd8 26.
Kf1 Re7 27. Qxc6 Rd7 28. Nd5 Ke8 29. Qe6+ Kd8 30. Qg8# 1-0

[Event "Junior Online 4NCL Division 5"]
[Site "online"]
[Date "2021.02.04"]
[Round "2.61"]
[White "Siriwardana, Dinil"]
[Black "Jakhria, Kushal"]
[Result "0-1"]
[WhiteElo "1321"]
[BlackElo "1723"]
[PlyCount "66"]
[EventDate "2021.02.04"]
[WhiteTeam "KEGS B"]
[BlackTeam "Charlton Juniors"]

1. e4 c5 2. Bc4 e6 3. Nc3 a6 4. a4 Nc6 5. Nf3 Nf6 6. O-O g6 7. d4 cxd4 8. Nxd4
e5 9. Nxc6 bxc6 10. Bg5 Bg7 11. f4 exf4 12. e5 Qb6+ 13. Kh1 Nh5 14. Qg4 d5 15.
Qh4 dxc4 16. Rad1 O-O 17. Rd8 Rxd8 18. Bxd8 Qxb2 19. Ne4 Qxe5 20. Re1 Qd4 21.
Qe7 Bf5 22. Ba5 Bf8 23. Bc3 Bxe7 24. Bxd4 Rd8 25. Bc3 Bxe4 26. Rxe4 Rd1+ 27.
Be1 Bb4 28. Re8+ Kg7 29. g4 fxg3 30. Kg2 Rxe1 31. Rb8 Re2+ 32. Kh1 g2+ 33. Kg1
Bc5# 0-1

[Event "Junior Online 4NCL Division 5"]
[Site "online"]
[Date "2021.02.04"]
[Round "2.62"]
[White "Bazan, Mateusz"]
[Black "Thompson, Thomas George"]
[Result "1-0"]
[WhiteElo "1457"]
[BlackElo "1143"]
[PlyCount "109"]
[EventDate "2021.02.04"]
[WhiteTeam "Charlton Juniors"]
[BlackTeam "KEGS B"]

1. d4 d5 2. c4 c6 3. cxd5 cxd5 4. Nc3 Nc6 5. g3 g6 6. Bg2 e6 7. Nf3 Bg7 8. O-O
Nf6 9. b3 O-O 10. Bb2 b6 11. Re1 Bb7 12. e3 Rc8 13. Rc1 Re8 14. Qd2 a6 15. a3
b5 16. b4 a5 17. Nxb5 Ne4 18. Qd1 axb4 19. Nd2 bxa3 20. Bxa3 Qa5 21. Nxe4 dxe4
22. Nd6 Qxa3 23. Nxb7 Qb4 24. Rb1 Qe7 25. Bxe4 f5 26. Bg2 Qd7 27. Nc5 Qd6 28.
Rb6 e5 29. Nb7 Qc7 30. Rxc6 Qxb7 31. Rxg6 Qd7 32. Rg5 Kh8 33. dxe5 Qxd1 34.
Rxd1 Rxe5 35. Bh3 Rf8 36. Kg2 Bh6 37. Rh5 Kg7 38. g4 Kg6 39. Rxf5 Rexf5 40.
gxf5+ Kg7 41. f4 Kg8 42. Kf3 Bg7 43. e4 Bf6 44. e5 Bh4 45. Rg1+ Kf7 46. f6 Rb8
47. Rg7+ Kf8 48. Rxh7 Rb3+ 49. Kg4 Bf2 50. Kg5 Be3 51. Rh4 Bd2 52. Kf5 Rf3 53.
Bg2 Rf2 54. Bd5 Be1 55. Rh8# 1-0

[Event "Junior Online 4NCL Division 5"]
[Site "online"]
[Date "2021.02.04"]
[Round "2.63"]
[White "Jinturkar, Paras"]
[Black "Thompson, Isaac"]
[Result "1-0"]
[WhiteElo "1000"]
[BlackElo "1000"]
[PlyCount "115"]
[EventDate "2021.02.04"]
[WhiteTeam "KEGS B"]
[BlackTeam "Charlton Juniors"]

1. e4 c5 2. Nf3 d6 3. d4 cxd4 4. Qxd4 Nc6 5. Qd5 Nf6 6. Qd3 g6 7. Qb3 Bg7 8.
Bc4 O-O 9. O-O Nxe4 10. Nc3 Nc5 11. Qa3 a6 12. b4 Ne6 13. Bb2 b5 14. Bxb5 Bb7
15. Bxc6 Bxc6 16. Nd1 Qb6 17. Bxg7 Nxg7 18. Qb2 a5 19. bxa5 Qxb2 20. Nxb2 Rxa5
21. Nd4 Bd5 22. c4 Bc6 23. Nxc6 Ra6 24. Nxe7+ Kh8 25. Rfe1 Rb8 26. Nd3 Ra3 27.
Rad1 Rxa2 28. Nb4 Rxb4 29. Rxd6 Ra8 30. c5 Rc4 31. c6 Ne8 32. Rd7 Nf6 33. Rd6
Ne8 34. Rdd1 Nc7 35. Rd7 Ne6 36. h3 Kg7 37. g4 Ra5 38. h4 Rxg4+ 39. Kf1 Rxh4
40. c7 Ra8 41. c8=Q Rxc8 42. Nxc8 Rh1+ 43. Ke2 Nf4+ 44. Kd1 Rh3 45. Kd2 h5 46.
Ree7 Kh6 47. Rxf7 Ne6 48. Rh7+ Kg5 49. Rd5+ Kh4 50. Re7 Ng5 51. Nd6 Rh2 52. Ne4
Nf3+ 53. Ke3 Ne1 54. Ng5 Nc2+ 55. Kf3 Ne1+ 56. Rxe1 Rxf2+ 57. Kxf2 Kg4 58. Re4#
1-0

[Event "Junior Online 4NCL Division 5"]
[Site "online"]
[Date "2021.02.04"]
[Round "2.64"]
[White "Gao, Alex"]
[Black "Fernandes, Dion"]
[Result "1-0"]
[WhiteElo "901"]
[BlackElo "1000"]
[PlyCount "105"]
[EventDate "2021.02.04"]
[WhiteTeam "Charlton Juniors"]
[BlackTeam "KEGS B"]

1. e4 e5 2. Nf3 Nc6 3. Bc4 Nd4 4. Nxd4 exd4 5. c3 dxc3 6. Nxc3 Bc5 7. d4 Bb6 8.
Qf3 Qe7 9. Be3 c5 10. dxc5 Ba5 11. O-O Nf6 12. Bg5 Bc7 13. Nd5 Qe5 14. Nxc7+
Qxc7 15. Rfe1 Qxc5 16. Qb3 Qxg5 17. Bxf7+ Kd8 18. Qc4 b6 19. Rac1 Ne8 20. e5
Bb7 21. Bd5 Bxd5 22. Qxd5 Rc8 23. Rxc8+ Kxc8 24. Rd1 d6 25. Qc6+ Kd8 26. exd6
Qg4 27. f3 Qd7 28. Qa8+ Qc8 29. Qxa7 Qc5+ 30. Kh1 Nxd6 31. Qb8+ Ke7 32. Qxh8
Qc2 33. Re1+ Kd7 34. Qxg7+ Kc6 35. h3 Nf5 36. Qg5 h5 37. Rc1 Qxc1+ 38. Qxc1+
Kb7 39. Qe1 Ka7 40. Qe5 Nh6 41. Qxh5 Ng8 42. Qf7+ Ka6 43. Qxg8 Kb5 44. h4 Kc5
45. h5 Kd4 46. h6 Kd3 47. h7 Kc2 48. h8=Q Kd3 49. Qd5+ Ke3 50. Qhe5+ Kf2 51.
Qdd4+ Kf1 52. Qee3 b5 53. Qf2# 1-0

[Event "Junior Online 4NCL Division 5"]
[Site "online"]
[Date "2021.02.04"]
[Round "2.65"]
[White "Jakhria, Kushal"]
[Black "Siriwardana, Dinil"]
[Result "1-0"]
[WhiteElo "1723"]
[BlackElo "1321"]
[PlyCount "45"]
[EventDate "2021.02.04"]
[WhiteTeam "Charlton Juniors"]
[BlackTeam "KEGS B"]

1. d4 e5 2. dxe5 Nc6 3. Nf3 Qe7 4. Bf4 Qb4+ 5. Bd2 Qxb2 6. Nc3 Bb4 7. Rb1 Qa3
8. Nd5 Qa5 9. Bxb4 Nxb4 10. Nxb4 c5 11. Qd5 cxb4 12. Qxa5 Ne7 13. Qxb4 b6 14.
e4 Bb7 15. Bd3 Nc6 16. Qa3 a5 17. Rxb6 Rb8 18. O-O h6 19. Rfb1 Nd8 20. Qd6 Nc6
21. Rxb7 Rxb7 22. Rxb7 Nxe5 23. Rb8# 1-0

[Event "Junior Online 4NCL Division 5"]
[Site "online"]
[Date "2021.02.04"]
[Round "2.66"]
[White "Thompson, Thomas George"]
[Black "Bazan, Mateusz"]
[Result "0-1"]
[WhiteElo "1143"]
[BlackElo "1457"]
[PlyCount "96"]
[EventDate "2021.02.04"]
[WhiteTeam "KEGS B"]
[BlackTeam "Charlton Juniors"]

1. e4 e6 2. d4 d5 3. e5 c5 4. c3 Qb6 5. Nf3 Nc6 6. Bd3 c4 7. Bc2 Bd7 8. O-O g6
9. b3 cxb3 10. Bxb3 Na5 11. Ng5 Nxb3 12. Qxb3 Qxb3 13. axb3 Bb5 14. Re1 Bg7 15.
Na3 Bc6 16. c4 Ne7 17. g4 O-O 18. Re3 Bh6 19. Rh3 Bxg5 20. Bxg5 Rfe8 21. Rf1 a5
22. f4 a4 23. b4 dxc4 24. Nxc4 Bb5 25. Nd6 Bxf1 26. Kxf1 Nd5 27. Nxe8 Rxe8 28.
b5 Ra8 29. Ra3 Nc7 30. b6 Nd5 31. Ke2 Nxb6 32. Kd3 Nd5 33. Kc4 Rb8 34. Kb5 Ra8
35. Kc5 Ra5+ 36. Kd6 b5 37. Bd8 Ra8 38. Bg5 b4 39. Ra1 a3 40. Bh4 b3 41. Be1 b2
42. Rb1 a2 43. Rxb2 a1=Q 44. Rd2 Qxe1 45. Rb2 Qa5 46. Kc6 Ra6+ 47. Kd7 Qc7+ 48.
Ke8 Qe7# 0-1

[Event "Junior Online 4NCL Division 5"]
[Site "online"]
[Date "2021.02.04"]
[Round "2.67"]
[White "Thompson, Isaac"]
[Black "Jinturkar, Paras"]
[Result "1-0"]
[WhiteElo "1000"]
[BlackElo "1000"]
[PlyCount "65"]
[EventDate "2021.02.04"]
[WhiteTeam "Charlton Juniors"]
[BlackTeam "KEGS B"]

1. d4 d5 2. c4 e5 3. dxe5 d4 4. Nf3 Bc5 5. Bg5 f6 6. Bf4 g5 7. Bd2 c6 8. exf6
Nxf6 9. Nxg5 Qb6 10. b3 d3 11. e3 h6 12. Nf3 Ne4 13. Bxd3 Nxd2 14. Nbxd2 Na6
15. O-O Rg8 16. Ne5 Bh3 17. Qh5+ Kd8 18. Qxh3 Qc7 19. Nef3 Nb4 20. Bf5 Bd6 21.
Rfd1 Rf8 22. Bg6 Rg8 23. Bh5 Nc2 24. Rac1 Nb4 25. Ne4 Ke7 26. Nxd6 Nxa2 27.
Qh4+ Kf8 28. Qf4+ Kg7 29. Nf5+ Kh7 30. Qxc7+ Kh8 31. Qe5+ Kh7 32. Rd7+ Rg7 33.
Qxg7# 1-0

[Event "Junior Online 4NCL Division 5"]
[Site "online"]
[Date "2021.02.04"]
[Round "2.68"]
[White "Fernandes, Dion"]
[Black "Gao, Alex"]
[Result "0-1"]
[WhiteElo "1000"]
[BlackElo "901"]
[PlyCount "118"]
[EventDate "2021.02.04"]
[WhiteTeam "KEGS B"]
[BlackTeam "Charlton Juniors"]

1. e4 e5 2. Nf3 Nc6 3. Bc4 Nf6 4. Ng5 d5 5. exd5 Nd4 6. c3 b5 7. Bb3 Nxb3 8.
Qxb3 h6 9. Nf3 Bd6 10. d4 exd4 11. cxd4 O-O 12. h4 Re8+ 13. Be3 Bf4 14. O-O
Bxe3 15. fxe3 Nxd5 16. Ne5 Be6 17. Qxb5 Nxe3 18. Rf3 Nc2 19. Nc6 Qxh4 20. Nxa7
Nxd4 21. Qe5 Nxf3+ 22. gxf3 Qg5+ 23. Qxg5 hxg5 24. Nb5 Rxa2 25. Rxa2 Bxa2 26.
N1c3 Be6 27. Nxc7 Rc8 28. Nxe6 fxe6 29. Ne4 Rc2 30. Nxg5 Rxb2 31. Nxe6 Rb6 32.
Nc7 Rc6 33. Nd5 Rd6 34. Ne3 Rd3 35. Kf2 Kf7 36. f4 Ke6 37. Nc4 Rd4 38. Nb6
Rxf4+ 39. Ke3 Rf8 40. Nc4 Rg8 41. Nd2 g5 42. Ne4 g4 43. Kf4 Ke7 44. Ng5 Rg7 45.
Ne4 Ke6 46. Ng5+ Rxg5 47. Kxg5 g3 48. Kg4 g2 49. Kg3 g1=Q+ 50. Kf3 Qe1 51. Kf4
Kd5 52. Kf5 Qe5+ 53. Kg4 Qf6 54. Kg3 Ke4 55. Kg4 Qf4+ 56. Kh5 Qg3 57. Kh6 Kf5
58. Kh7 Kf6 59. Kh8 Qg7# 0-1

[Event "Junior Online 4NCL Division 5"]
[Site "online"]
[Date "2021.02.04"]
[Round "2.71"]
[White "Longia-Zaidi, Ismail"]
[Black "Bade, Susmita"]
[Result "1-0"]
[WhiteElo "1608"]
[BlackElo "1135"]
[PlyCount "39"]
[EventDate "2021.02.04"]
[WhiteTeam "Desert Penguins Saturn"]
[BlackTeam "Maidenhead Juniors 4"]

1. d4 d5 2. c4 Nf6 3. cxd5 Nxd5 4. e4 Nb6 5. Nc3 e6 6. Nf3 Bb4 7. a3 Bxc3+ 8.
bxc3 O-O 9. Bd3 Bd7 10. O-O Ba4 11. Qe2 Nc6 12. Bf4 h6 13. Qe3 Qd7 14. Qd2 a6
15. e5 Nd5 16. Bxh6 Rfd8 17. Qg5 g6 18. Be4 Nxc3 19. Qf6 Nxe4 20. Qg7# 1-0

[Event "Junior Online 4NCL Division 5"]
[Site "online"]
[Date "2021.02.04"]
[Round "2.72"]
[White "Anchan, Anirudh"]
[Black "Dane, Antony"]
[Result "0-1"]
[WhiteElo "1086"]
[BlackElo "1382"]
[PlyCount "116"]
[EventDate "2021.02.04"]
[WhiteTeam "Maidenhead Juniors 4"]
[BlackTeam "Desert Penguins Saturn"]

1. e4 c5 2. Nf3 d6 3. Nc3 Nf6 4. Bc4 a6 5. O-O e6 6. a4 Nc6 7. d3 Be7 8. Be3 d5
9. Bb3 d4 10. e5 Ng4 11. h3 Ngxe5 12. Nxe5 Nxe5 13. Bf4 dxc3 14. Bxe5 O-O 15.
Bxc3 Bf6 16. Bxf6 Qxf6 17. Qg4 Qxb2 18. Rfb1 Qf6 19. Qg3 Bd7 20. c4 Bc6 21. f3
Qd4+ 22. Kh1 Qxd3 23. Kh2 Rfd8 24. f4 Qxg3+ 25. Kxg3 g6 26. Rd1 Rxd1 27. Rxd1
Kg7 28. Kf2 Kf6 29. g4 g5 30. fxg5+ Kxg5 31. Kg3 f5 32. h4+ Kf6 33. g5+ Kg6 34.
Rd6 Re8 35. Kf4 Kh5 36. Kg3 h6 37. Bd1+ Kg6 38. Kf4 hxg5+ 39. hxg5 Kg7 40. Rd2
b5 41. cxb5 axb5 42. axb5 Bxb5 43. Bh5 Rh8 44. Be2 Bxe2 45. Rxe2 Rh4+ 46. Ke5
Rh8 47. Kf4 Kf7 48. Kg3 Rh5 49. Kf4 Rh4+ 50. Kg3 Rg4+ 51. Kf3 Rxg5 52. Rc2 Rg4
53. Rxc5 Kf6 54. Rc8 Rg7 55. Kf4 e5+ 56. Kf3 e4+ 57. Ke3 Rg3+ 58. Kf4 Rf3# 0-1

[Event "Junior Online 4NCL Division 5"]
[Site "online"]
[Date "2021.02.04"]
[Round "2.73"]
[White "Bharat Kumar, Balahari"]
[Black "Avezbakiev, Tom"]
[Result "1-0"]
[WhiteElo "1217"]
[BlackElo "1068"]
[PlyCount "91"]
[EventDate "2021.02.04"]
[WhiteTeam "Desert Penguins Saturn"]
[BlackTeam "Maidenhead Juniors 4"]

1. d4 d5 2. c4 dxc4 3. e3 Nf6 4. Bxc4 Bf5 5. Nf3 e6 6. Nc3 Nc6 7. a3 Bd6 8. O-O
O-O 9. Qe2 Qe7 10. e4 Bg4 11. Be3 e5 12. Nb5 a6 13. Nxd6 cxd6 14. d5 Nd4 15.
Bxd4 exd4 16. Rfe1 b5 17. Bd3 Rae8 18. Rac1 Nd7 19. h3 Bxf3 20. Qxf3 Nf6 21.
Rc6 a5 22. Bxb5 Rb8 23. Bd3 Rbe8 24. Rc2 a4 25. Rce2 Qe5 26. Qf5 Qxf5 27. exf5
Rxe2 28. Rxe2 Re8 29. Rxe8+ Nxe8 30. Bb5 Nf6 31. Bxa4 d3 32. Kf1 d2 33. Ke2 Ne4
34. Bc2 Nf6 35. Kxd2 Nxd5 36. g3 Kf8 37. b4 Ke7 38. Kd3 Kd7 39. Kd4 Kc6 40.
Ba4+ Kb6 41. Kxd5 Ka6 42. Kxd6 f6 43. Kc7 Ka7 44. b5 Ka8 45. b6 h5 46. Bc6# 1-0

[Event "Junior Online 4NCL Division 5"]
[Site "online"]
[Date "2021.02.04"]
[Round "2.74"]
[White "Sridhar, Siddarth Iyer"]
[Black "Mo, Alex"]
[Result "1-0"]
[WhiteElo "1057"]
[BlackElo "1285"]
[PlyCount "87"]
[EventDate "2021.02.04"]
[WhiteTeam "Maidenhead Juniors 4"]
[BlackTeam "Desert Penguins Saturn"]

1. e4 c5 2. Nf3 d6 3. d4 cxd4 4. Qxd4 a6 5. Bc4 Nc6 6. Qc3 Nf6 7. Ng5 h6 8.
Nxf7 Nxe4 9. Nxd8 Nxc3 10. Nxc3 Nxd8 11. Nd5 Ne6 12. O-O Bd7 13. Nb6 Rb8 14.
Nxd7 Kxd7 15. Re1 Nc5 16. Be3 e5 17. Bxc5 dxc5 18. Rad1+ Kc6 19. Rxe5 Bd6 20.
Bd5+ Kc7 21. Rf5 Rhf8 22. Rxf8 Rxf8 23. h4 g5 24. h5 b5 25. b3 a5 26. g4 b4 27.
Rd3 Rf4 28. f3 Kd7 29. c4 Kc7 30. Kg2 Kd7 31. Be4 Ke6 32. Bf5+ Ke5 33. Rd5+ Kf6
34. Rxd6+ Ke5 35. Rxh6 Kd4 36. Rd6+ Ke3 37. Be4 Ke2 38. h6 Rf7 39. h7 Rf8 40.
Rh6 Rh8 41. Rh5 Ke3 42. Rxg5 Kf4 43. Rg8 Rxg8 44. hxg8=Q 1-0

[Event "Junior Online 4NCL Division 5"]
[Site "online"]
[Date "2021.02.04"]
[Round "2.75"]
[White "Bade, Susmita"]
[Black "Longia-Zaidi, Ismail"]
[Result "0-1"]
[WhiteElo "1135"]
[BlackElo "1608"]
[PlyCount "64"]
[EventDate "2021.02.04"]
[WhiteTeam "Maidenhead Juniors 4"]
[BlackTeam "Desert Penguins Saturn"]

1. e4 c5 2. Nf3 d6 3. Bc4 e6 4. O-O Nf6 5. Nc3 Be7 6. e5 dxe5 7. Nxe5 O-O 8.
Bd3 a6 9. Bc4 b5 10. Be2 Bb7 11. d3 Qc7 12. Bf4 Qc8 13. d4 cxd4 14. Qxd4 Nc6
15. Nxc6 Bxc6 16. Rae1 Bb7 17. Qd3 Rd8 18. Qg3 Kh8 19. Bf3 Bxf3 20. Qxf3 Qc5
21. Be5 Qc8 22. Ne4 Nxe4 23. Rxe4 Rg8 24. Qxf7 Bc5 25. Rg4 Ra7 26. Qf4 Qe8 27.
h3 Rf7 28. Qg3 Qd7 29. Re1 Bxf2+ 30. Kf1 Bxg3+ 31. Kg1 Bxe1 32. Bxg7+ Rgxg7 0-1

[Event "Junior Online 4NCL Division 5"]
[Site "online"]
[Date "2021.02.04"]
[Round "2.76"]
[White "Dane, Antony"]
[Black "Anchan, Anirudh"]
[Result "1-0"]
[WhiteElo "1382"]
[BlackElo "1086"]
[PlyCount "125"]
[EventDate "2021.02.04"]
[WhiteTeam "Desert Penguins Saturn"]
[BlackTeam "Maidenhead Juniors 4"]

1. d4 d5 2. c4 Nf6 3. cxd5 Qxd5 4. Nc3 Qd8 5. e4 e5 6. d5 c6 7. Qa4 b5 8. Qb3
cxd5 9. exd5 b4 10. Bb5+ Bd7 11. Bxd7+ Nbxd7 12. Na4 Nc5 13. Nxc5 Bxc5 14. Nf3
Qxd5 15. Qxd5 Nxd5 16. Nxe5 O-O 17. O-O Bd6 18. Nf3 Bf4 19. Bxf4 Nxf4 20. Rfe1
Nd3 21. Re2 Rae8 22. Rd2 Nc5 23. Rc1 Ne4 24. Rd4 Nf6 25. Rxb4 Nd5 26. Rd4 Nf6
27. Re1 Rxe1+ 28. Nxe1 Re8 29. Nf3 Rc8 30. h3 h6 31. Ra4 Rc7 32. b3 Nd5 33. Rc4
Rxc4 34. bxc4 Kf8 35. cxd5 Ke7 36. Kf1 Kd6 37. Ke2 Kxd5 38. Kd3 g5 39. g4 Ke6
40. Ke4 Kf6 41. Kd5 Ke7 42. Kc6 Ke6 43. Kb7 a5 44. Kb6 a4 45. Kb5 a3 46. Kb4 f5
47. Kxa3 fxg4 48. hxg4 Kd5 49. Kb4 Ke4 50. Nxg5+ hxg5 51. a4 Kf4 52. a5 Kxg4
53. a6 Kf3 54. a7 g4 55. a8=Q+ Kxf2 56. Qf8+ Kg3 57. Kc3 Kg2 58. Kd3 g3 59. Ke2
Kg1 60. Qg8 g2 61. Kf3 Kf1 62. Qxg2+ Ke1 63. Qe2# 1-0

[Event "Junior Online 4NCL Division 5"]
[Site "online"]
[Date "2021.02.04"]
[Round "2.77"]
[White "Avezbakiev, Tom"]
[Black "Bharat Kumar, Balahari"]
[Result "0-1"]
[WhiteElo "1068"]
[BlackElo "1217"]
[PlyCount "96"]
[EventDate "2021.02.04"]
[WhiteTeam "Maidenhead Juniors 4"]
[BlackTeam "Desert Penguins Saturn"]

1. e4 c5 2. Nf3 d6 3. Bc4 Nf6 4. d3 a6 5. Nc3 e6 6. O-O b5 7. Bb3 Bb7 8. Qe2
Be7 9. Bg5 O-O 10. Nd2 Qc7 11. Qf3 Nbd7 12. Qg3 Kh8 13. Rae1 Rac8 14. Nf3 Nb6
15. e5 dxe5 16. Nxe5 Bd6 17. Bf4 Rcd8 18. Rd1 Nh5 19. Qg5 Nxf4 20. Qxf4 Bxe5
21. Qg4 Bxh2+ 22. Kh1 Qf4 23. Qxf4 Bxf4 24. Kg1 c4 25. dxc4 bxc4 26. Ba4 Rxd1
27. Rxd1 Nxa4 28. Nxa4 Bc6 29. Nc5 Bb5 30. Rd4 Bc7 31. Nb7 Bb6 32. Rg4 Bc6 33.
Nd6 Bd5 34. c3 Bc7 35. Nxc4 Bxc4 36. Rxc4 Be5 37. Re4 Bf6 38. Rc4 Rb8 39. Rc6
Ra8 40. Rc7 Kg8 41. c4 Bxb2 42. c5 Be5 43. Rd7 Rc8 44. c6 Kf8 45. Ra7 Rxc6 46.
Ra8+ Ke7 47. Ra7+ Kf6 48. a4 Rc1# 0-1

[Event "Junior Online 4NCL Division 5"]
[Site "online"]
[Date "2021.02.04"]
[Round "2.78"]
[White "Mo, Alex"]
[Black "Sridhar, Siddarth Iyer"]
[Result "0-1"]
[WhiteElo "1285"]
[BlackElo "1057"]
[PlyCount "80"]
[EventDate "2021.02.04"]
[WhiteTeam "Desert Penguins Saturn"]
[BlackTeam "Maidenhead Juniors 4"]

1. d4 Nf6 2. c4 e5 3. e3 exd4 4. exd4 Bb4+ 5. Bd2 Qe7+ 6. Be2 Bxd2+ 7. Qxd2 Ne4
8. Qc2 Nf6 9. Nf3 d5 10. Nc3 dxc4 11. O-O O-O 12. Rfe1 Be6 13. Rad1 c6 14. b3
cxb3 15. axb3 Nbd7 16. Bc4 b5 17. Bxe6 fxe6 18. Qe2 Rae8 19. Ng5 Nd5 20. Qxe6+
Qxe6 21. Nxe6 Nxc3 22. Nxf8 Kxf8 23. Rxe8+ Kxe8 24. Rc1 Ne2+ 25. Kf1 Nxc1 26.
Ke1 Nxb3 27. Ke2 Nxd4+ 28. Ke3 c5 29. g3 a5 30. Kd3 b4 31. Kc4 a4 32. Kd3 b3
33. Kc3 a3 34. Kd2 a2 35. Kc1 a1=Q+ 36. Kd2 Qb2+ 37. Kd3 Qxf2 38. Kc4 b2 39.
Kc3 b1=Q 40. Kc4 Qd1 0-1

[Event "Junior Online 4NCL Division 5"]
[Site "online"]
[Date "2021.02.04"]
[Round "2.81"]
[White "Vyas, Miraya"]
[Black "Buanne, Giulio"]
[Result "1-0"]
[WhiteElo "1040"]
[BlackElo "1351"]
[PlyCount "89"]
[EventDate "2021.02.04"]
[WhiteTeam "Leeds Juniors 3"]
[BlackTeam "KCJS 3"]

1. e4 e5 2. Nf3 Nc6 3. Bc4 h6 4. O-O Nf6 5. d3 Bc5 6. c3 O-O 7. Re1 Ng4 8. d4
exd4 9. cxd4 Bb4 10. Rf1 d6 11. h3 Nf6 12. a3 Ba5 13. b4 Bb6 14. Re1 a5 15. b5
Ne7 16. Nc3 c6 17. Bb2 cxb5 18. Bxb5 Bd7 19. Bc4 Rc8 20. e5 dxe5 21. dxe5 Nh7
22. Bd3 f6 23. Qc2 Bf5 24. Rad1 fxe5 25. Bxf5 Qc7 26. Bxc8 Qxc8 27. Nxe5 Qc5
28. Nd3 Qc6 29. Rxe7 Bc5 30. Nxc5 Qxc5 31. Nd5 Qxc2 32. Rxg7+ Kh8 33. Rc7+ Kg8
34. Rxc2 Ng5 35. Nf6+ Kg7 36. Ne4+ Kg8 37. Nf6+ Kg7 38. Nd7+ Kg8 39. Nxf8 Kxf8
40. Rc8+ Kf7 41. Rd6 Ke7 42. Rcd8 Kf7 43. R8d7+ Ke8 44. Rg7 Kf8 45. Rd8# 1-0

[Event "Junior Online 4NCL Division 5"]
[Site "online"]
[Date "2021.02.04"]
[Round "2.82"]
[White "Blicharz, Maks"]
[Black "Bharathidasan Vidhya, Shravan"]
[Result "0-1"]
[WhiteElo "1337"]
[BlackElo "962"]
[PlyCount "104"]
[EventDate "2021.02.04"]
[WhiteTeam "KCJS 3"]
[BlackTeam "Leeds Juniors 3"]

1. e4 c6 2. d4 d5 3. e5 Bf5 4. Bd3 Bg6 5. f4 f5 6. Nc3 e6 7. Be3 Bb4 8. Nge2
Ne7 9. a3 Bxc3+ 10. Nxc3 O-O 11. Qf3 Nd7 12. Qg3 Qb6 13. Na4 Qa5+ 14. Nc3 b5
15. O-O b4 16. axb4 Qxb4 17. Ra2 c5 18. Qf2 c4 19. Be2 Qb7 20. Qh4 Nc6 21. Bh5
Nb4 22. Bxg6 hxg6 23. Ra5 Nxc2 24. Rb5 Qa6 25. Bd2 Nxd4 26. Rb4 Nc2 27. Ra4 Qc6
28. Rf3 Nd4 29. Rh3 Ne2+ 30. Nxe2 Qxa4 31. Qh7+ Kf7 32. Nc3 Qa1+ 33. Kf2 Rh8
34. Qxh8 Rxh8 35. Rxh8 Qxb2 36. Ke2 d4 37. Nd1 d3+ 38. Ke3 Qb6+ 39. Kf3 Qc5 40.
Rd8 Nb6 41. Be3 Qe7 42. Rb8 Qb4 43. Rb7+ Kg8 44. Rb8+ Kh7 45. h4 c3 46. g4 c2
47. Nf2 Qe1 48. h5 Qxe3+ 49. Kxe3 c1=Q+ 50. Kxd3 Qxf4 51. hxg6+ Kxg6 52. Ke2
Qxe5+ 0-1